[Event "RSA-chB"]
[Site "Cape Town"]
[Date "2019.12.12"]
[Round "6"]
[White "Mncwabe, Minenhle Junior"]
[Black "Martin, Nico"]
[Result "1-0"]
[WhiteElo "1687"]
[BlackElo "1650"]
[PlyCount "93"]
[EventDate "2019.12.07"]
[EventType "swiss"]
[EventRounds "11"]
[EventCountry "RSA"]
[SourceTitle "CBM 193 Extra"]
[Source "ChessBase"]
[SourceDate "2020.01.31"]
[SourceVersion "1"]
[SourceVersionDate "2020.01.31"]
[SourceQuality "1"]

1. e4 c5 2. Nf3 d6 3. c3 Nf6 4. Bb5+ Nbd7 5. d3 g6 6. 0-0 a6 7. Ba4 Bg7 8. Nbd2 0-0 9. Re1 b5 10. Bb3 Bb7 11. Nf1 Ne5 12. Nxe5 dxe5 13. Ng3 Qd6 14. Qe2 Rad8 15. Rd1 Rd7 16. Be3 Qc7 17. f3 Rfd8 18. a4 Ne8 19. axb5 axb5 20. Nh1 h6 21. Nf2 e6 22. Ra7 Qb6 23. Rda1 Kh7 24. Bc2 b4 25. R7a5 Rc7 26. R1a4 Qd6 27. Qe1 Bf8 28. Bb3 bxc3 29. Qxc3 Rdc8 30. Bc4 f5 31. Nd1 fxe4 32. fxe4 Bxe4 33. Ra6 Rc6 34. Bb5 Rxa6 35. Rxa6 Bc6 36. Bc4 Nf6 37. Nf2 Kg7 38. Qa5 Kf7 39. Ra7+ Bd7 40. Bb5 Ke8 41. Ne4 Nxe4 42. Rxd7 Qxd7 43. Bxd7+ Kxd7 44. Qa4+ Ke7 45. Qxe4 Kf6 46. Qf3+ Ke7 47. Qb7+ 1-0

[Event "RSA-chB"]
[Site "Cape Town"]
[Date "2019.12.11"]
[Round "5"]
[White "Govender, Shevern"]
[Black "Mncwabe, Minenhle Junior"]
[Result "0-1"]
[WhiteElo "1509"]
[BlackElo "1687"]
[PlyCount "112"]
[EventDate "2019.12.07"]
[EventType "swiss"]
[EventRounds "11"]
[EventCountry "RSA"]
[SourceTitle "EXT 2021"]
[Source "ChessBase"]
[SourceDate "2020.10.23"]
[SourceVersion "1"]
[SourceVersionDate "2020.10.23"]
[SourceQuality "1"]

1. e4 c5 2. Nc3 Nc6 3. f4 e6 4. Nf3 d5 5. Bb5 a6 6. Bxc6+ bxc6 7. 0-0 dxe4 8. Nxe4 Nf6 9. Qe2 Nxe4 10. Qxe4 Qd5 11. Qe2 c4 12. Ne5 Bc5+ 13. Kh1 a5 14. Qxc4 Ba6 15. Qxd5 cxd5 16. d3 Rc8 17. Rd1 Bd6 18. c3 Ke7 19. Nf3 Rc7 20. Be3 Rb8 21. Rd2 a4 22. g3 a3 23. b3 Rxc3 24. Ne1 f6 25. Rdd1 Rbc8 26. Bd2 R3c6 27. d4 Be2 28. Rdb1 Kd7 29. Rc1 e5 30. dxe5 fxe5 31. fxe5 Bxe5 32. Rxc6 Rxc6 33. Rc1 Bb2 34. Rxc6 Kxc6 35. Kg2 Bg4 36. Kf2 Bf5 37. Ke3 Bb1 38. Nd3 d4+ 39. Ke2 Kb5 40. Nc1 Kc5 41. g4 Kd5 42. Kf3 Bc2 43. Ke2 Ke4 44. h3 g6 45. Kf2 Bd1 46. Ke1 Bc2 47. Ke2 d3+ 48. Kf2 Bd4+ 49. Kf1 Kf3 50. b4 Kg3 51. b5 Kxh3 52. g5 Kg3 53. Ke1 Bf2+ 54. Kf1 Kf3 55. Bf4 Bd1 56. Nxd3 Be2# 0-1

[Event "Africa-ch U1700 op"]
[Site "Windhoek"]
[Date "2019.01.02"]
[Round "3.4"]
[White "Mncwabe, Minenhle Junior"]
[Black "Sihlahla, Emanuel"]
[Result "1-0"]
[WhiteElo "1639"]
[BlackElo "1529"]
[PlyCount "41"]
[EventDate "2018.12.31"]
[EventType "swiss"]
[EventRounds "9"]
[EventCountry "NAM"]
[SourceTitle "EXT 2024"]
[Source "ChessBase"]
[SourceDate "2023.10.10"]
[SourceVersion "1"]
[SourceVersionDate "2023.10.10"]
[SourceQuality "1"]

1. e4 d5 2. exd5 Qxd5 3. Nc3 Qd8 4. d4 e6 5. Nf3 Nf6 6. Bc4 Be7 7. 0-0 0-0 8. Re1 Nbd7 9. Bg5 b6 10. d5 exd5 11. Nxd5 Bd6 12. Nd4 Bb7 13. Nf5 Bc5 14. Qf3 c6 15. Nf4 Re8 16. Nh5 Rxe1+ 17. Rxe1 Bf8 18. Nh6+ gxh6 19. Nxf6+ Nxf6 20. Bxf6 Qd6 21. Qg4+ 1-0

[Event "Western Province-chT"]
[Site "Cape Town"]
[Date "2018.08.04"]
[Round "1"]
[White "Mncwabe, Minenhle Junior"]
[Black "Felix, Devon"]
[Result "1-0"]
[WhiteElo "1613"]
[BlackElo "1675"]
[PlyCount "69"]
[EventDate "2018.08.04"]
[EventType "team-tourn"]
[EventRounds "11"]
[EventCountry "RSA"]
[SourceTitle "EXT 2020"]
[Source "ChessBase"]
[SourceDate "2019.10.17"]
[SourceVersion "1"]
[SourceVersionDate "2019.10.17"]
[SourceQuality "1"]
[WhiteTeam "Western Cape Univ"]
[BlackTeam "Grassy Park"]
[WhiteTeamCountry "RSA"]
[BlackTeamCountry "RSA"]

1. d4 f5 2. c4 e6 3. Nc3 Nf6 4. Nf3 Be7 5. g3 0-0 6. Bg2 d6 7. 0-0 a5 8. b3 Ne4 9. Bb2 Bf6 10. Qc2 Nxc3 11. Bxc3 Qe8 12. e4 Qh5 13. e5 Be7 14. d5 f4 15. Qe4 exd5 16. Qxd5+ Kh8 17. exd6 Qxd5 18. cxd5 Bxd6 19. Ng5 f3 20. Nxf3 Nd7 21. Rfe1 Nc5 22. Nd4 Bd7 23. Ne6 Rf7 24. f4 Nd3 25. Red1 Nc5 26. Re1 Bb5 27. Nd4 Bd7 28. Rad1 Kg8 29. Nf3 Bf5 30. Ne5 Re7 31. Nc4 Rxe1+ 32. Rxe1 Re8 33. Nxd6 Rxe1+ 34. Bxe1 cxd6 35. Bxa5 1-0